[Event "Wisla op"]
[Site "Wisla"]
[Date "2009.05.12"]
[Round "11"]
[White "Krawczyk, Wieslaw"]
[Black "Koper, Ireneusz"]
[Result "1/2-1/2"]
[WhiteElo "2124"]
[BlackElo "2030"]
[PlyCount "63"]
[EventDate "2009.05.04"]
[EventType "swiss"]
[EventRounds "11"]
[EventCountry "POL"]
[SourceTitle "EXT 2012"]
[Source "ChessBase"]
[SourceDate "2011.11.24"]
[SourceVersion "1"]
[SourceVersionDate "2011.11.24"]
[SourceQuality "1"]

1. f4 e5 2. e4 exf4 3. Nf3 Nf6 4. e5 Nh5 5. d4 d5 6. Be2 Bg4 7. 0-0 c5 8. c3 Nc6 9. Na3 g6 10. Nc2 Rb8 11. Nfe1 Bxe2 12. Qxe2 Qb6 13. e6 f5 14. Bxf4 Nxf4 15. Rxf4 Qxb2 16. Nd3 Qxc3 17. e7 Bg7 18. Re1 Nxd4 19. Nxd4 Bxd4+ 20. Kf1 Rc8 21. g4 c4 22. gxf5 Qxd3 23. Qxd3 cxd3 24. Rxd4 gxf5 25. Rxd5 d2 26. Rxd2 Rg8 27. Red1 Kxe7 28. Rd7+ Kf6 29. Rxb7 Rc2 30. Rxh7 Rxa2 31. h4 Rgg2 32. Rxa7 1/2-1/2

[Event "IPCA Wch-B 8th"]
[Site "Wisla"]
[Date "2007.05.22"]
[Round "8"]
[White "Beliaev, Vasily"]
[Black "Koper, Ireneusz"]
[Result "1-0"]
[WhiteElo "2112"]
[BlackElo "2036"]
[PlyCount "99"]
[EventDate "2007.05.15"]
[EventType "swiss"]
[EventRounds "9"]
[EventCountry "POL"]
[SourceTitle "EXT 2011"]
[Source "ChessBase"]
[SourceDate "2010.11.26"]
[SourceVersion "1"]
[SourceVersionDate "2010.11.26"]
[SourceQuality "1"]

1. e4 c6 2. d4 d5 3. e5 Bf5 4. Ne2 e6 5. Ng3 Bg6 6. h4 h6 7. h5 Bh7 8. Bd3 Bxd3 9. cxd3 Ne7 10. Qg4 Qd7 11. Nc3 Na6 12. Be3 Nf5 13. Nxf5 exf5 14. Qg3 Nc7 15. 0-0 Ne6 16. Ne2 Be7 17. a3 Bg5 18. f4 Be7 19. Rfc1 Rg8 20. Qh3 Nc7 21. Ng3 g6 22. hxg6 fxg6 23. b4 0-0-0 24. Bd2 Kb8 25. a4 a6 26. Ne2 Qe6 27. b5 axb5 28. axb5 Nxb5 29. Ra5 g5 30. Rca1 Rdf8 31. Qg3 Nc7 32. Qe1 Na6 33. Qb1 Ka7 34. Nc3 Bd8 35. Rxa6+ bxa6 36. Na4 gxf4 37. Nc5 Qc8 38. Bb4 Bb6 39. Rxa6+ Qxa6 40. Nxa6 Bxd4+ 41. Kh2 Kxa6 42. Qa2+ Kb7 43. Bxf8 Rxf8 44. Qa4 Be3 45. Qb4+ Kc7 46. Qxf8 c5 47. Qd6+ Kb7 48. e6 d4 49. e7 c4 50. e8Q 1-0

[Event "Krakow op-B"]
[Site "Krakow"]
[Date "2004.01.03"]
[Round "8"]
[White "Gasik, Anna"]
[Black "Koper, Ireneusz"]
[Result "1/2-1/2"]
[WhiteElo "2040"]
[BlackElo "2095"]
[PlyCount "136"]
[EventDate "2003.12.27"]
[EventType "swiss"]
[EventRounds "9"]
[EventCountry "POL"]
[SourceTitle "EXT 2006"]
[Source "ChessBase"]
[SourceDate "2005.11.24"]
[SourceVersion "1"]
[SourceVersionDate "2005.11.24"]
[SourceQuality "1"]

1. e4 c6 2. d4 d5 3. Nd2 dxe4 4. Nxe4 Nf6 5. Nxf6+ gxf6 6. c3 Bf5 7. Nf3 e6 8. Bf4 Nd7 9. g3 Nb6 10. Bg2 Nd5 11. Bd2 Qb6 12. Qb3 Bd3 13. c4 Qxb3 14. axb3 Nb4 15. Bxb4 Bxb4+ 16. Kd1 Ke7 17. Ne1 Bxe1 18. Rxe1 Rhd8 19. d5 cxd5 20. cxd5 e5 21. Kd2 Ba6 22. Ke3 Rac8 23. Rac1 Kd6 24. Ke4 Bb5 25. Bh3 Rc7 26. Rxc7 Kxc7 27. Rc1+ Kb6 28. Rc8 Rxc8 29. Bxc8 Kc7 30. Bg4 Kd6 31. h3 Ke7 32. Bc8 b6 33. Bg4 a5 34. f4 Kd6 35. Bh5 Bd7 36. fxe5+ fxe5 37. g4 f6 38. Bf7 h6 39. Bg6 Bc8 40. Bf7 Ba6 41. Be6 Ke7 42. h4 Be2 43. Bc8 Bd1 44. b4 Bc2+ 45. Ke3 axb4 46. Be6 Kd6 47. Kf3 Bd3 48. Ke3 Bf1 49. Kf3 Bc4 50. Ke4 Bb3 51. Kf5 Bxd5 52. Bxd5 Kxd5 53. Kxf6 e4 54. g5 hxg5 55. hxg5 e3 56. g6 e2 57. g7 e1Q 58. g8Q+ Kc5 59. b3 Qf2+ 60. Ke7 Qe3+ 61. Kd8 Qd3+ 62. Kc8 Qf5+ 63. Kb8 Qe5+ 64. Ka7 b5 65. Qc8+ Kd4 66. Ka6 Qd5 67. Qc2 Ke5 68. Ka5 Qd4 1/2-1/2

[Event "Rudnik op 11th"]
[Site "Rudnik"]
[Date "2000.07.06"]
[Round "8"]
[White "Koper, Ireneusz"]
[Black "Piskorz, Henryk"]
[Result "0-1"]
[WhiteElo "2109"]
[BlackElo "2106"]
[PlyCount "158"]
[EventDate "2000.06.28"]
[EventType "tourn"]
[EventRounds "10"]
[EventCountry "POL"]
[SourceTitle "EXT 2005"]
[Source "ChessBase"]
[SourceDate "2004.11.15"]
[SourceVersion "1"]
[SourceVersionDate "2004.11.15"]
[SourceQuality "1"]

1. e4 d6 2. d4 g6 3. c4 Bg7 4. Nc3 Nc6 5. Be3 e5 6. d5 Nce7 7. Bd3 b6 8. Nge2 f5 9. f3 f4 10. Bf2 g5 11. Qd2 a5 12. 0-0-0 Ng6 13. g3 Bh3 14. Rdg1 Nf6 15. Kb1 Kf7 16. Nc1 h5 17. Bf1 Bd7 18. Nd3 Qe7 19. h4 fxg3 20. Qxg5 Nxd5 21. Nxd5 Qxg5 22. hxg5 gxf2 23. Nxf2 Rac8 24. Bh3 Bxh3 25. Nxh3 c6 26. Nxb6 Rb8 27. Na4 Ke6 28. Rd1 Bf8 29. Nc3 Be7 30. Rhf1 h4 31. Rg1 Rhf8 32. Rdf1 Rf7 33. Rg4 Rbf8 34. Ng1 Bd8 35. Kc2 Rf4 36. Rg2 Bb6 37. Kd2 Bxg1 38. Rgxg1 Rxf3 39. Ke2 Rxf1 40. Rxf1 Nf4+ 41. Kd2 Rg8 42. Rg1 Nh3 43. Rg4 Nxg5 44. Ke3 h3 45. Nd1 Kf6 46. Rh4 Kg6 47. Nf2 Rf8 48. Ke2 Rb8 49. b3 a4 50. bxa4 Rb2+ 51. Kf1 Rxa2 52. Nxh3 Nxh3 53. Rxh3 Rxa4 54. Rc3 Kg5 55. Ke2 Kf4 56. Kd3 Ra1 57. c5 d5 58. exd5 Rd1+ 59. Kc4 cxd5+ 60. Kb5 Rb1+ 61. Ka6 d4 62. Rc4 Rb8 63. c6 Ke3 64. c7 Rc8 65. Kb7 Rxc7+ 66. Kxc7 d3 67. Rh4 d2 68. Rh1 e4 69. Kd6 Kd3 70. Kd5 e3 71. Ra1 e2 72. Ra3+ Kc2 73. Ra2+ Kc1 74. Kc4 d1Q 75. Ra1+ Kb2 76. Ra5 Qb3+ 77. Kc5 Qc3+ 78. Kb5 Qxa5+ 79. Kxa5 e1Q+ 0-1

[Event "Rowy Jantar op"]
[Site "Rowy"]
[Date "2000.06.??"]
[Round "2"]
[White "Janocha, Wieslaw Adam"]
[Black "Koper, Ireneusz"]
[Result "1-0"]
[WhiteElo "2339"]
[BlackElo "2109"]
[PlyCount "155"]
[EventDate "2000.06.??"]
[EventType "swiss"]
[EventRounds "9"]
[EventCountry "POL"]
[SourceTitle "EXT 2005"]
[Source "ChessBase"]
[SourceDate "2004.11.15"]
[SourceVersion "1"]
[SourceVersionDate "2004.11.15"]
[SourceQuality "1"]

1. e4 c6 2. d4 d5 3. Nc3 dxe4 4. Nxe4 Nf6 5. Nxf6+ exf6 6. Bc4 Be6 7. Qe2 Qe7 8. Bb3 Nd7 9. Bf4 Nb6 10. 0-0-0 Bxb3 11. axb3 Nd5 12. Qd2 0-0-0 13. Nf3 Nxf4 14. Qxf4 Qc7 15. Qxc7+ Kxc7 16. c3 Bd6 17. b4 Rhe8 18. Rhe1 Re6 19. g3 Rde8 20. Kd2 h6 21. Nh4 Rxe1 22. Rxe1 Rxe1 23. Kxe1 g6 24. Ke2 Kd7 25. f4 f5 26. Ng2 Ke6 27. Ne3 b6 28. Nc4 Bc7 29. Ke3 f6 30. Na3 Bd6 31. Nc2 g5 32. Ne1 Kd5 33. b3 Ke6 34. Nd3 Bc7 35. h4 Bd6 36. h5 Bc7 37. Ne1 Bd6 38. Nc2 Bc7 39. Kf3 Bd6 40. Ne3 Bf8 41. d5+ cxd5 42. Nc2 g4+ 43. Ke2 a6 44. Nd4+ Kd7 45. Kd3 Kd6 46. Nxf5+ Ke6 47. Nd4+ Kd7 48. Ke3 a5 49. bxa5 bxa5 50. Kd3 Kd6 51. c4 dxc4+ 52. Kxc4 Kd7 53. Kd5 Bb4 54. Nf5 Be1 55. Nxh6 Bxg3 56. f5 Ke7 57. Kc6 Bf4 58. Nxg4 Kf7 59. Kd7 Bd2 60. h6 Bg5 61. h7 Kg7 62. Ke6 Kxh7 63. Nxf6+ Kg7 64. Nd7 Bd2 65. f6+ Kg6 66. f7 Bb4 67. f8Q Bxf8 68. Nxf8+ Kg5 69. Ke5 Kg4 70. Ke4 Kg3 71. Ne6 Kf2 72. Nd4 Ke1 73. Kd3 Kd1 74. Nc6 Kc1 75. Nxa5 Kb2 76. b4 Ka3 77. Kc4 Ka4 78. Nb3 1-0